A study of black students' perceptions of racism in initial teacher education (Record no. 77506)

MARC details
000 -CABECERA
campo de control de longitud fija 00688nam a2200229 a 4500
005 - FECHA Y HORA DE LA ÚLTIMA TRANSACCIÓN
campo de control 20210219153448.0
008 - ELEMENTOS DE LONGITUD FIJA--INFORMACIÓN GENERAL
campo de control de longitud fija 991125n 000 0 u
035 ## - NÚMERO DE CONTROL DEL SISTEMA
Número de control de sistema UPN01000101175
100 1# - ASIENTO PRINCIPAL--NOMBRE PERSONAL
Nombre de persona Siraj-Blatchford, Iram
222 #0 - TÍTULO CLAVE
Título clave BRITISH EDUCATIONAL RESEARCH JOURNAL
245 03 - MENCIÓN DE TÍTULO
Título A study of black students' perceptions of racism in initial teacher education
260 ## - PUBLICACIÓN, DISTRIBUCIÓN, ETC.
Lugar de publicación, distribución, etc. Inglaterra
300 ## - DESCRIPCIÓN FÍSICA
Extensión 35-50
362 0# - FECHAS DE PUBLICACIÓN Y/O DESIGNACIÓN SECUENCIAL
Fecha de publicación y/o designación secuencial 1991 Vol. 17, no. 1
653 0# - TERMINO DE INDIZACION - NO CONTROLADO
Término no controlado ACTITUDES DEL ESTUDIANTE
653 0# - TERMINO DE INDIZACION - NO CONTROLADO
Término no controlado AMBIENTE EDUCATIVO
653 0# - TERMINO DE INDIZACION - NO CONTROLADO
Término no controlado DISCRIMINACION ETNICA
653 0# - TERMINO DE INDIZACION - NO CONTROLADO
Término no controlado PREJUICIO RACIAL
653 0# - TERMINO DE INDIZACION - NO CONTROLADO
Término no controlado PROGRAMAS DE EDUCACION A MAESTROS
904 ## - ELEMENTOS DE DATOS D LOCAL, LDD (RLIN)
a AC
b 038986
905 ## - TIPO DE MATERIAL
Tipo de material Articulo

No items available.